[Event "KEN-chT"]
[Site "Nairobi"]
[Date "2019.02.10"]
[Round "4.1"]
[White "Mulaga, Geoffrey"]
[Black "Onkendi, Obadiah"]
[Result "1/2-1/2"]
[WhiteElo "1758"]
[BlackElo "1475"]
[PlyCount "105"]
[EventDate "2019.02.09"]
[EventType "team-tourn"]
[EventRounds "27"]
[EventCountry "KEN"]
[SourceTitle "CBM 192 Extra"]
[Source "Chessbase"]
[SourceDate "2019.11.06"]
[SourceVersion "1"]
[SourceVersionDate "2019.11.06"]
[SourceQuality "1"]
[WhiteTeam "Eastlands"]
[BlackTeam "Mombasa CC"]
[WhiteTeamCountry "KEN"]
[BlackTeamCountry "KEN"]

1. d4 e6 2. e4 b6 3. c4 Bb7 4. Nd2 Nc6 5. d5 exd5 6. cxd5 Ne5 7. Ngf3 Nxf3+ 8. Qxf3 Qf6 9. Be2 Qxf3 10. Bxf3 Ba6 11. a3 g6 12. b3 Bg7 13. Ra2 Bd3 14. Bb2 Bxb2 15. Rxb2 d6 16. b4 Nf6 17. Rb3 Bb5 18. Rc3 Rc8 19. Bd1 c5 20. a4 Bd7 21. bxc5 Rxc5 22. Rxc5 bxc5 23. f3 Ke7 24. 0-0 Rb8 25. Bb3 Ne8 26. Ra1 Nc7 27. Kf2 Na6 28. Ke3 f5 29. h4 Kf6 30. Bd1 Nb4 31. Nc4 Ke7 32. Na3 h6 33. g4 fxg4 34. fxg4 Rf8 35. Rb1 Rf1 36. Be2 Rxb1 37. Nxb1 Bxa4 38. Nc3 Bd7 39. Kf4 a5 40. g5 hxg5+ 41. Kxg5 Kf7 42. Kf4 Kf6 43. Bd1 Nd3+ 44. Ke3 Nc1 45. Kf2 Nd3+ 46. Ke3 Nb2 47. Bc2 a4 48. Bb1 Ke5 49. Bc2 a3 50. Bb1 Ba4 51. Kd2 Kd4 52. Ne2+ Ke5 53. Nc3 1/2-1/2